Sports Quiz

Random Sports or NBA Quiz

NBA Top Scoring Lefty by Season Quiz Stats

 Plays Quiz Updated May 4, 2018

Challenge
Share
Tweet
Embed
Score 0/72 Timer 10:00
4 Plays Today
Season Player % Correct
2017-18James Harden
98.9%
2015-16James Harden
98.9%
2016-17James Harden
98.9%
2014-15James Harden
98.1%
2012-13James Harden
96.4%
2013-14James Harden
96.4%
1989-90David Robinson
75.3%
1992-93David Robinson
75.3%
1993-94David Robinson
75.3%
1994-95David Robinson
75.3%
1995-96David Robinson
75.3%
1997-98David Robinson
75.3%
2003-04Michael Redd
70.7%
2004-05Michael Redd
70.7%
2005-06Michael Redd
70.7%
2007-08Michael Redd
70.7%
2006-07Zach Randolph
69.9%
2009-10Zach Randolph
69.9%
2010-11Zach Randolph
69.9%
1988-89Chris Mullin
59.2%
1990-91Chris Mullin
59.2%
1991-92Chris Mullin
59.2%
1957-58Bill Russell
58.4%
1956-57Bill Russell
58.4%
1958-59Bill Russell
58.4%
1959-60Bill Russell
58.4%
1960-61Bill Russell
58.4%
1961-62Bill Russell
58.4%
2008-09Chris Bosh
51.7%
2011-12Brandon Jennings
48.3%
1964-65Willis Reed
46.5%
1966-67Willis Reed
46.5%
1967-68Willis Reed
46.5%
1999-00Jalen Rose
40.6%
2001-02Jalen Rose
40.6%
2002-03Jalen Rose
40.6%
Season Player % Correct
1999Toni Kukoc
29.8%
1977-78Artis Gilmore
26.1%
1978-79Artis Gilmore
26.1%
1980-81Artis Gilmore
26.1%
1981-82Artis Gilmore
26.1%
1982-83Artis Gilmore
26.1%
1983-84Artis Gilmore
26.1%
1984-85Artis Gilmore
26.1%
1971-72Tiny Archibald
25.4%
1972-73Tiny Archibald
25.4%
1974-75Tiny Archibald
25.4%
1975-76Tiny Archibald
25.4%
1996-97Damon Stoudamire
24%
1973-74Gail Goodrich
22.2%
2000-01Cuttino Mobley
20.7%
1976-77Bob Lanier
18.5%
1968-69Billy Cunningham
17.5%
1969-70Billy Cunningham
17.5%
1970-71Billy Cunningham
17.5%
1985-86Sam Perkins
7.2%
1962-63Johnny Green
7%
1963-64Dick Barnett
6.3%
1965-66Dick Barnett
6.3%
1986-87Michael Cage
2.2%
1987-88Walter Berry
2%
1949-50Jack Nichols
1.3%
1952-53Jack Nichols
1.3%
1953-54Jack Nichols
1.3%
1954-55Jack Nichols
1.3%
1955-56Jack Nichols
1.3%
1951-52Paul Walther
0.6%
1950-51Paul Walther
0.6%
1979-80Dave Robisch
0.6%
1948-49Ray Lumpp
0.6%
1946-47Frankie Baumholtz
0.5%
1947-48Jerry Fleishman
0.4%

You're not logged in!

Compare scores with friends on all Sporcle quizzes.
Join for Free
OR
Log In

You Might Also Like...

Show Comments

Extras

Top Quizzes Today


Score Distribution

Your Account Isn't Verified!

In order to create a playlist on Sporcle, you need to verify the email address you used during registration. Go to your Sporcle Settings to finish the process.

Report this User

Report this user for behavior that violates our Community Guidelines.

Details: